000
00328nam a22001457a 4500
020
_a
9780140107814
041
_a
ENG
100
_a
Chandra B
245
_a
India's Struggle For Indepence
260
_a
New Delhi
_b
Penguin Book
_c
1989
300
_a
600
650
_a
UPSE
700
_a
Mukherjee.M
856
_u
Competitive Exam
999
_c
202
_d
202